000 00484nam a2200157 i 4500
001 74070
003 ES-MaACL
005 20230906172016.0
007 t|
008 040915q19001999sp ||||1| spa d
100 1 _aGonzález Castell, Rafael.
_958502
245 1 0 _aTic-tac, tic-tac
_b: (versos contra el reloj) /
_cRafael González Castell.
260 _aBadajoz :
_b[s.n.,
_c19--] (
_fVda. de Antonio Arqueros)
300 _a65 p. ;
_c22 cm.
852 _aES-MaACL
_j1932-F-12
_bR.31967
999 _c74070
_d74070